Classement global de l'Eurovision depuis 2016 - Statistiques

Statistiques générales
  • Ce quiz a été pris 160 fois
  • Le résultat moyen est 37 sur 43
Statistiques - réponses
Place et nombre de points Années de qualification en finale Pays % Correct
4ème - 1965 points Big Five France
100%
1er - 2904 points Big Five Italie
99%
2nd - 2883 points 2016, 2017, 2018, 2019, 2021, 2022, 2023, 2024, 2025 Suède
99%
3ème - 2609 points 2016, 2017, 2018, 2021, 2022, 2023, 2024, 2025 Ukraine
97%
22ème - 835 points Big Five Espagne
96%
13ème - 1145 points 2018, 2021, 2022, 2023, 2024, 2025 Finlande
95%
7ème - 1418 points 2017, 2018, 2021, 2022, 2023, 2024, 2025 Portugal
95%
28ème - 684 points Big Five Allemagne
94%
20ème - 864 points 2016, 2017, 2021, 2022, 2023 Belgique
94%
10ème - 1263 points 2017, 2018, 2019, 2021, 2022, 2023, 2024, 2025 Norvège
94%
21ème - 861 points Big Five Royaume-Uni
94%
6ème - 1771 points 2019, 2021, 2022, 2023, 2024, 2025 Suisse
94%
34ème - 414 points 2018, 2024 Irlande
92%
41ème - 150 points 2024, 2025 Luxembourg
92%
9ème - 1273 points 2016, 2017, 2018, 2019, 2021, 2022, 2025 Pays-Bas
92%
14ème - 1064 points 2016, 2019, 2021 Russie
92%
5ème - 1937 points 2016, 2017, 2018, 2019, 2021, 2023, 2024, 2025 Israël
91%
12ème - 1166 points 2016, 2017, 2018, 2023, 2024, 2025 Autriche
90%
18ème - 890 points 2017, 2019, 2021, 2022, 2024, 2025 Grèce
87%
36ème - 354 points 2016, 2024, 2025 Lettonie
87%
19ème - 871 points 2016, 2017, 2023, 2024 Croatie
86%
16ème - 1033 points 2018, 2019, 2022, 2023, 2024, 2025 Estonie
86%
15ème - 1042 points 2016, 2018, 2021, 2022, 2023, 2024, 2025 Lituanie
86%
38ème - 282 points 2017 Roumanie
86%
23ème - 818 points 2016, 2018, 2019, 2021, 2022, 2023, 2024 Serbie
84%
39ème - 247 points 2018, 2019, 2023 Slovénie
84%
27ème - 693 points 2016, 2017, 2022, 2023, 2025 Pologne
83%
11ème - 1258 points 2016, 2017, 2018, 2021 Bulgarie
82%
33ème - 470 points 2017, 2018, 2019, 2025 Danemark
82%
35ème - 401 points 2016, 2017, 2018 Hongrie
82%
29ème - 665 points 2019, 2021, 2022, 2025 Islande
82%
32ème - 594 points 2016, 2019, 2021, 2025 Malte
81%
25ème - 766 points 2016, 2017, 2022, 2023, 2024, 2025 Arménie
78%
42ème - 138 points 2016, 2024 Géorgie
78%
17ème - 999 points 2016, 2017, 2018, 2019, 2021, 2023, 2024 Chypre
77%
24ème - 794 points 2017, 2018, 2021, 2022, 2023 Moldavie
77%
8ème - 1343 points 2016, 2017, 2018, 2019, 2022, 2023 Australie
76%
30ème - 646 points 2016, 2018, 2019, 2022, 2023 République tchèque
76%
26ème - 705 points 2016, 2017, 2019, 2021, 2022 Azerbaïdjan
74%
43ème - 114 points 2017, 2019 Biélorussie
74%
31ème - 625 points 2018, 2019, 2021, 2023, 2025 Albanie
73%
37ème - 295 points 2019 Macédoine du Nord
73%
40ème - 158 points 2019, 2021, 2025 Saint-Marin
70%
Aucun quiz correspondant
Distribution des résultats
% des personnes avec chaque résultat
Percentile par nombre de réponses
Votre historique - résultats
Vous n’avez pas pris ce quiz